[Event "Kuala Lumpur Inter Varsity-ch"]
[Site "Kuala Lumpur"]
[Date "2020.02.11"]
[Round "3"]
[White "Shahrizad, Amirshah Mohd"]
[Black "Nordin, Muhd Syamsul Arif"]
[Result "1/2-1/2"]
[WhiteElo "1354"]
[BlackElo "1636"]
[PlyCount "21"]
[EventDate "2020.02.10"]
[EventType "swiss"]
[EventRounds "9"]
[EventCountry "MAS"]
[SourceTitle "CBM 195 Extra"]
[Source "ChessBase"]
[SourceDate "2020.05.31"]
[SourceVersion "1"]
[SourceVersionDate "2020.05.31"]
[SourceQuality "1"]

1. d4 d5 2. c4 c6 3. Nc3 Nf6 4. Nf3 Bf5 5. Bg5 e6 6. e3 Be7 7. a3 Nbd7 8. h3 0-0 9. g4 h6 10. gxf5 exf5 11. Bh4 1/2-1/2

[Event "Puchong op 6th"]
[Site "Puchong"]
[Date "2019.08.25"]
[Round "4"]
[White "Shahrizad, Amirshah Mohd"]
[Black "Wong, Kah Hing"]
[Result "0-1"]
[WhiteElo "1377"]
[BlackElo "1553"]
[PlyCount "118"]
[EventDate "2019.08.24"]
[EventType "swiss"]
[EventRounds "6"]
[EventCountry "MAS"]
[SourceTitle "EXT 2020"]
[Source "ChessBase"]
[SourceDate "2019.10.17"]
[SourceVersion "1"]
[SourceVersionDate "2019.10.17"]
[SourceQuality "1"]

1. d4 Nf6 2. c4 g6 3. Nc3 Bg7 4. e4 d6 5. f3 0-0 6. Be3 e5 7. d5 a5 8. Qd2 c6 9. Bh6 cxd5 10. Bxg7 Kxg7 11. exd5 Nbd7 12. Bd3 Nc5 13. Bc2 Re8 14. 0-0-0 Bd7 15. h4 Rc8 16. g4 h5 17. gxh5 Nxh5 18. Nge2 Qf6 19. Rdg1 a4 20. Ng3 Rh8 21. Nge4 Nxe4 22. Nxe4 Qe7 23. Qb4 Nf4 24. Nxd6 Ne2+ 25. Kd1 Nxg1 26. Nf5+ Bxf5 27. Qxe7 Rhe8 28. Qb4 Bxc2+ 29. Kxc2 Nxf3 30. h5 Rh8 31. h6+ Rxh6 32. Rxh6 Kxh6 33. Qc3 Nd4+ 34. Kd3 Kg7 35. Qb4 Nf5 36. Qxb7 e4+ 37. Ke2 Rxc4 38. Qb8 e3 39. d6 Rc2+ 40. Kf3 Rf2+ 41. Kg4 Rd2 42. Qc7 Rxd6 43. Qc3+ Kf8 44. b4 axb3 45. axb3 Ke7 46. Qc7+ Ke6 47. Kf4 Rd4+ 48. Kf3 g5 49. Qc8+ Kf6 50. Qc6+ Ke5 51. Qe8+ Kf6 52. Qh8+ Kg6 53. Qg8+ Kf6 54. Qh8+ Ke6 55. Qe8+ Kd6 56. Qxf7 Rf4+ 57. Ke2 Nd4+ 58. Kxe3 Rxf7 59. Kxd4 g4 0-1